000 00274nam a2200097Ia 4500
082 _a344.01252 NGAL
245 0 _aFive little ducks and other action rhymes
100 _a NEWCOME, Zita London, 2009
_970934
942 _cBK
008 210817s9999 xx 000 0 und d
999 _c285068
_d285067